La Diáspora de la posguerra: regionalismo de los migrantes y dinámicas territoriales en América Central
Este libro es el resultado del estudio de la relación entre las migraciones intraregionales y el regionalismo en América Central. El regionalismo es entendido como un proceso de cohesión socioeconómica, política, organizacional de construcción regional. El objeto de la investigación son los efectos...
Guardado en:
| Hovedforfatter: | |
|---|---|
| Format: | Texto |
| Udgivet: |
San José:
FLACSO
|
| Fag: | |
| Tags: |
Tilføj Tag
Ingen Tags, Vær først til at tagge denne postø!
|
MARC
| LEADER | 00000 a a2200000 04500 | ||
|---|---|---|---|
| 001 | 34918 | ||
| 003 | |||
| 040 | |a CRAI/IIS |c CRAI/IIS | ||
| 020 | |a 978-9977-68-142-9 | ||
| 090 | |a 1001 M828d | ||
| 100 | |a Morales Gamboa, Abelardo | ||
| 245 | |a La Diáspora de la posguerra: regionalismo de los migrantes y dinámicas territoriales en América Central | ||
| 260 | |a San José: |b FLACSO | ||
| 300 | |a 382 p. |b map. | ||
| 520 | |a Este libro es el resultado del estudio de la relación entre las migraciones intraregionales y el regionalismo en América Central. El regionalismo es entendido como un proceso de cohesión socioeconómica, política, organizacional de construcción regional. El objeto de la investigación son los efectos sociales y territoriales de las migraciones de trabajadores y trabajadoras sobre la regionalidad centroamericana, durante la etapa posterior a la crisis política y a los conflictos armados, entre 1990 y 2005. El estudio se desarrolla en cuatro dimensiones: la primera se ocupa de los vínculos entre las migraciones intrarregionales y la integración regional la segunda explora la formación de un sistema regional de fuerza de trabajo migrante, producido por la articulación entre las migraciones intrarregionales y otros desplazamientos la tercera analiza la interdependencia territorial tejida por las migraciones. Y la cuarta trata sobre la cohesión social y territorial que surge como nueva arena para la ciudadanía regional | ||
| 650 | |a MIGRACION | ||
| 650 | |a AMERICA CENTRAL | ||
| 650 | |a MIGRANTES | ||
| 999 | |c 17797 |d 17797 | ||



